[Event "LI Festival A"]
[Site "Imperia ITA"]
[Date "2009.08.30"]
[Round "1"]
[White "Carzolio, Luigi"]
[Black "Stoppa, Omar"]
[WhiteElo "1999"]
[BlackElo "2261"]
[Result "0-1"]
[PlyCount "42"]
[EventDate "2009.08.30"]

1. Nf3 c5 2. g3 Nc6 3. Bg2 Nf6 4. O-O g6 5. d3 Bg7 6. e4 O-O 7. Nbd2 b5 8. a4
b4 9. Re1 Ba6 10. Nc4 Rc8 11. e5 Ne8 12. h4 Nc7 13. Nfd2 Ne6 14. c3 d5 15. exd6
exd6 16. Qc2 d5 17. Ne3 d4 18. Nd5 dxc3 19. bxc3 bxc3 20. Ne4 Ned4 21. Qxc3
Qxd5 0-1

[Event "LI Festival A"]
[Site "Imperia ITA"]
[Date "2009.08.30"]
[Round "1"]
[White "Chatalbashev, Boris"]
[Black "Astengo, Marcello"]
[WhiteElo "2548"]
[BlackElo "2117"]
[Result "1-0"]
[PlyCount "80"]
[EventDate "2009.08.30"]

1. d4 d5 2. c4 e6 3. Nc3 c6 4. e3 Nf6 5. Nf3 Nbd7 6. Bd3 dxc4 7. Bxc4 b5 8. Bd3
Bb7 9. O-O a6 10. a4 b4 11. Ne4 c5 12. Nxf6+ Nxf6 13. dxc5 Qd5 14. Qe2 Bxc5 15.
Rd1 Qh5 16. Bd2 O-O 17. Rac1 Rfd8 18. Be1 a5 19. h3 Bb6 20. b3 Ne4 21. Nd4 Qg5
22. Qg4 Qxg4 23. hxg4 Nc5 24. Bc4 Bd5 25. Bxd5 Rxd5 26. f4 Rad8 27. Bh4 f6 28.
Rf1 R8d6 29. Rc4 Kf7 30. Bf2 Ne4 31. Nb5 Rxb5 32. axb5 Nd2 33. e4 Nxf1 34. Kxf1
Ke7 35. e5 fxe5 36. fxe5 Rd5 37. Bxb6 Rxb5 38. Bc5+ Kd7 39. Bd6 Rd5 40. Ke2 Ke8
1-0

[Event "LI Festival A"]
[Site "Imperia ITA"]
[Date "2009.08.30"]
[Round "1"]
[White "Dolezal, Radoslav jr"]
[Black "Parodi, Alessandro"]
[WhiteElo "2396"]
[BlackElo "2093"]
[Result "1-0"]
[PlyCount "91"]
[EventDate "2009.08.30"]

1. d4 Nf6 2. Nf3 g6 3. g3 Bg7 4. Bg2 O-O 5. c4 d6 6. Nc3 c5 7. d5 Na6 8. O-O
Nc7 9. e4 e5 10. Ne1 a6 11. a4 Bd7 12. a5 b5 13. axb6 Nce8 14. Qb3 Qb8 15. Nd3
Bc8 16. Bd2 Nd7 17. Na4 a5 18. Qb5 Bf6 19. Bh3 Nxb6 20. Bxc8 Nxc8 21. Qxb8 Rxb8
22. Bxa5 Bg7 23. Nc3 f5 24. f3 Nf6 25. Rfe1 Nh5 26. Kg2 Rf7 27. Nb5 Nf6 28. Bd2
Rfb7 29. Ra6 Bf8 30. b3 Rxb5 31. cxb5 Rxb5 32. Nc1 Nb6 33. Ra5 Rxa5 34. Bxa5
Nfd7 35. Bd2 c4 36. b4 Na4 37. Ne2 Ndb6 38. Be3 g5 39. Bxg5 Nb2 40. Nc3 Nd3 41.
Rb1 f4 42. g4 Kf7 43. Bd8 Nd7 44. Na4 Ke8 45. Ba5 Nb8 46. Nb2 1-0

[Event "LI Festival A"]
[Site "Imperia ITA"]
[Date "2009.08.30"]
[Round "1"]
[White "Faraci, Antonino"]
[Black "Poloch, Petr"]
[WhiteElo "2009"]
[BlackElo "2274"]
[Result "0-1"]
[PlyCount "68"]
[EventDate "2009.08.30"]

1. d4 Nf6 2. Nf3 e6 3. g3 b5 4. Bg2 Bb7 5. a4 b4 6. O-O c5 7. c3 Nc6 8. Re1 d5
9. cxb4 cxb4 10. Nbd2 Na5 11. Nb3 Rc8 12. Nxa5 Qxa5 13. Nd2 Bd6 14. e4 dxe4 15.
Nxe4 Nxe4 16. Bxe4 Bxe4 17. Rxe4 O-O 18. Rh4 Rfd8 19. Rh5 f5 20. Qb3 Re8 21.
Bd2 g6 22. Rh4 Qd5 23. Qe3 Bf8 24. Rc1 Rxc1+ 25. Bxc1 Rc8 26. g4 Rc2 27. gxf5
gxf5 28. Qe1 Qc6 29. Bg5 Rxb2 30. Qd1 Qd5 31. Rh3 Qe4 32. Rd3 Bd6 33. h4 Re2
34. Re3 Qg4+ 0-1

[Event "LI Festival A"]
[Site "Imperia ITA"]
[Date "2009.08.30"]
[Round "1"]
[White "Fattorelli, Luciano"]
[Black "Friedrich, Norbert"]
[WhiteElo "2030"]
[BlackElo "2350"]
[Result "0-1"]
[PlyCount "63"]
[EventDate "2009.08.30"]

1. Nf3 Nf6 2. c4 c6 3. e3 d5 4. b3 Bg4 5. Bb2 e6 6. Be2 Nbd7 7. O-O Bd6 8. d4
O-O 9. Nbd2 Qb8 10. Rc1 Ne4 11. h3 Bxf3 12. Bxf3 Nxd2 13. Qxd2 f5 14. b4 b5 15.
c5 Bc7 16. a4 a6 17. Ra1 Qb7 18. Ra3 Rac8 19. axb5 axb5 20. Rfa1 Bb8 21. Bc3
Nf6 22. Qc2 g5 23. g3 h5 24. Bg2 Qg7 25. Be1 Kh8 26. f4 Rg8 27. Kh1 Ne4 28.
Bxe4 fxe4 29. Qh2 Rgf8 30. h4 gxf4 31. gxf4 e5 32. R1a2 0-1

[Event "LI Festival A"]
[Site "Imperia ITA"]
[Date "2009.08.30"]
[Round "1"]
[White "Jurek, Josef"]
[Black "Meyer, Peter"]
[WhiteElo "2353"]
[BlackElo "2051"]
[Result "0-1"]
[PlyCount "136"]
[EventDate "2009.08.30"]

1. Nf3 d5 2. c4 d4 3. e3 c5 4. b4 Bg4 5. Qa4+ Qd7 6. b5 Bxf3 7. gxf3 g6 8. Bb2
Bg7 9. d3 e6 10. Nd2 Ne7 11. Ne4 b6 12. f4 a6 13. Qb3 a5 14. h4 h5 15. a4 Nf5
16. Ng3 Qe7 17. Nxf5 exf5 18. O-O-O O-O 19. Bg2 Ra7 20. Rde1 Qd6 21. Qd1 Rd8
22. Bd5 Nd7 23. Rhg1 Kf8 24. Qf3 Nf6 25. Bc6 dxe3 26. Rxe3 Ng4 27. Re2 Bxb2+
28. Kxb2 Qxd3 29. Qxd3 Rxd3 30. Re8+ Kg7 31. Rge1 Rd4 32. Kb3 Nxf2 33. R1e7
Rxe7 34. Rxe7 Rd3+ 35. Kc2 Rd4 36. Bd5 Nd3 37. Rxf7+ Kh6 38. Rf6 Nb4+ 39. Kb2
Rd2+ 40. Kb3 Rd3+ 41. Kb2 Rd2+ 42. Kc1 Nxd5 43. Rd6 Ra2 44. cxd5 Rxa4 45. Rxb6
Rxf4 46. d6 Rd4 47. Rc6 f4 48. Rxc5 Rxd6 49. Rc6 Rd4 50. b6 f3 51. b7 Rb4 52.
Rc7 f2 53. Rf7 Rxb7 54. Rxf2 Rb4 55. Rh2 Kg7 56. Kc2 Kf6 57. Kd3 Kf5 58. Rh1
Rg4 59. Ke3 a4 60. Kf3 a3 61. Rc1 Ra4 62. Rc5+ Ke6 63. Rc6+ Kd5 64. Rxg6 a2 65.
Rg5+ Kc4 66. Rg1 a1=Q 67. Rxa1 Rxa1 68. Kf4 Rg1 0-1

[Event "LI Festival A"]
[Site "Imperia ITA"]
[Date "2009.08.30"]
[Round "1"]
[White "Krouzel, Jaroslav"]
[Black "Cornaggia, Ranieri"]
[WhiteElo "2202"]
[BlackElo "1933"]
[Result "1-0"]
[PlyCount "61"]
[EventDate "2009.08.30"]

1. d4 Nf6 2. c4 g6 3. Nc3 Bg7 4. e4 d6 5. Be2 O-O 6. Bg5 c6 7. Nf3 Nbd7 8. O-O
Qc7 9. Qd2 e5 10. h3 Re8 11. d5 c5 12. a3 a6 13. b4 Nh5 14. Rfc1 Bh8 15. Nh2
Ng7 16. Ng4 f5 17. Nh6+ Kf8 18. exf5 gxf5 19. Qc2 e4 20. f3 exf3 21. Bxf3 Ne5
22. Be4 cxb4 23. Bxf5 Nxf5 24. Nxf5 Bxf5 25. Qxf5+ Kg8 26. Ne4 bxa3 27. Bf6 Ng6
28. h4 Rac8 29. h5 Rxe4 30. Qxe4 Bxf6 31. Qe6+ 1-0

[Event "LI Festival A"]
[Site "Imperia ITA"]
[Date "2009.08.30"]
[Round "1"]
[White "Mercandelli, Claudio"]
[Black "Lacrosse, Marc"]
[WhiteElo "1914"]
[BlackElo "2184"]
[Result "0-1"]
[PlyCount "32"]
[EventDate "2009.08.30"]

1. Nf3 d5 2. c4 e6 3. g3 Nf6 4. Bg2 Be7 5. O-O O-O 6. b3 c5 7. e3 Nc6 8. Bb2 b6
9. Nc3 dxc4 10. bxc4 Bb7 11. Qe2 Qc7 12. Rac1 a6 13. d4 Na5 14. Nd2 Bxg2 15.
Kxg2 Rfd8 16. Na4 Qc6+ 0-1

[Event "LI Festival A"]
[Site "Imperia ITA"]
[Date "2009.08.30"]
[Round "1"]
[White "Miturova, Magdalena"]
[Black "Molina, Fabrizio"]
[WhiteElo "1971"]
[BlackElo "2245"]
[Result "1-0"]
[PlyCount "95"]
[EventDate "2009.08.30"]

1. e4 d6 2. d4 Nf6 3. Nc3 e5 4. Nf3 Nbd7 5. Bc4 Be7 6. dxe5 Nxe5 7. Nxe5 dxe5
8. Qxd8+ Bxd8 9. f3 c6 10. a4 b6 11. Be3 O-O 12. O-O Be7 13. Rad1 Ne8 14. Bb3
Nc7 15. a5 b5 16. f4 exf4 17. Bxf4 Bc5+ 18. Kh1 Ne6 19. Bd6 Bxd6 20. Rxd6 Nd8
21. e5 Be6 22. Bxe6 fxe6 23. Rxf8+ Kxf8 24. Ne4 Nb7 25. Rxe6 Nxa5 26. b3 Rd8
27. h3 Kf7 28. Ng5+ Kg8 29. Re7 Rb8 30. Ne6 Rb7 31. Nc7 c5 32. e6 g6 33. Rd7
Nc6 34. e7 Nxe7 35. Rxe7 a5 36. Nd5 Rxe7 37. Nxe7+ Kf7 38. Nd5 a4 39. bxa4 bxa4
40. Nc3 a3 41. Kg1 Ke6 42. Kf2 Ke5 43. Ke3 c4 44. g3 g5 45. Kf3 Kf5 46. g4+ Ke5
47. Ke3 h6 48. Kf3 1-0

[Event "LI Festival A"]
[Site "Imperia ITA"]
[Date "2009.08.30"]
[Round "1"]
[White "Movsziszian, Karen"]
[Black "Cugini, Verter"]
[WhiteElo "2570"]
[BlackElo "2149"]
[Result "1-0"]
[PlyCount "59"]
[EventDate "2009.08.30"]

1. e4 e6 2. d3 b5 3. g3 c5 4. Bg2 Nc6 5. f4 Bb7 6. Nf3 d5 7. Nbd2 Be7 8. O-O
Qb6 9. Kh1 Rd8 10. c3 a5 11. Qe2 b4 12. exd5 exd5 13. g4 Nf6 14. g5 Nd7 15. Nh4
O-O 16. Nf5 Rfe8 17. Qh5 Nf8 18. Nf3 Ba6 19. Rd1 Ng6 20. Ng3 Bd6 21. f5 Bxg3
22. hxg3 Nge5 23. Bf4 g6 24. Qh6 Ng4 25. Qh4 Nf2+ 26. Kg1 Nxd1 27. f6 Kh8 28.
Qh6 Rg8 29. Rxd1 bxc3 30. Kf2 1-0

[Event "LI Festival A"]
[Site "Imperia ITA"]
[Date "2009.08.30"]
[Round "1"]
[White "Ornati, Gianmaria"]
[Black "Del Dotto, Riccardo"]
[WhiteElo "1906"]
[BlackElo "2175"]
[Result "0-1"]
[PlyCount "52"]
[EventDate "2009.08.30"]

1. d4 d5 2. c4 c6 3. Nc3 dxc4 4. a4 Nf6 5. Bg5 Qa5 6. Bd2 Qb6 7. e3 Bf5 8. Bxc4
e6 9. Nge2 Bb4 10. Ng3 Bg6 11. O-O O-O 12. Re1 Rd8 13. Nce2 Bxd2 14. Qxd2 e5
15. Qc3 exd4 16. Nxd4 Ne4 17. Nxe4 Bxe4 18. Rad1 Nd7 19. Qb3 Ne5 20. Be2 c5 21.
Nb5 Qg6 22. g3 Qf5 23. Nc3 Nf3+ 24. Bxf3 Bxf3 25. Ne2 Rxd1 26. Rxd1 Bxe2 0-1

[Event "LI Festival A"]
[Site "Imperia ITA"]
[Date "2009.08.30"]
[Round "1"]
[White "Payen, Arnaud"]
[Black "Moroder, Stefan"]
[WhiteElo "2368"]
[BlackElo "2062"]
[Result "1/2-1/2"]
[PlyCount "129"]
[EventDate "2009.08.30"]

1. d4 Nf6 2. Nf3 d5 3. c4 c6 4. Qb3 g6 5. cxd5 Qxd5 6. Qa4 b5 7. Qa5 Ne4 8. Nc3
Nxc3 9. bxc3 Bg7 10. Nd2 O-O 11. a4 e5 12. e4 Qd8 13. Qxd8 Rxd8 14. d5 cxd5 15.
exd5 e4 16. Ra3 bxa4 17. c4 Na6 18. Rxa4 Nc5 19. Ra5 Nd3+ 20. Bxd3 exd3 21. O-O
Bf5 22. Ra3 a5 23. Re1 Bf8 24. Ra2 Re8 25. Kf1 Rxe1+ 26. Kxe1 a4 27. Ba3 Re8+
28. Kd1 Re2 29. Bxf8 Kxf8 30. Rxa4 Rxf2 31. d6 Rxg2 32. Ra8+ Kg7 33. Kc1 Rxh2
34. c5 Re2 35. c6 Re6 36. Nc4 Re1+ 37. Kb2 Re2+ 38. Ka3 d2 39. Nb2 Re3+ 40. Kb4
Rd3 41. d7 Bxd7 42. Rd8 d1=Q 43. Nxd1 Rxd1 44. Rxd7 Rc1 45. Kb5 h5 46. Rd4 Kf6
47. Kb6 g5 48. c7 Rxc7 49. Kxc7 h4 50. Kd6 h3 51. Kd5 Kf5 52. Rd1 Kf4 53. Rf1+
Kg3 54. Rg1+ Kh4 55. Ke4 h2 56. Rh1 Kh3 57. Kf5 f6 58. Ra1 g4 59. Kf4 g3 60.
Kf3 f5 61. Rb1 f4 62. Ra1 Kh4 63. Rb1 Kh3 64. Rc1 Kh4 65. Ra1 1/2-1/2

[Event "LI Festival A"]
[Site "Imperia ITA"]
[Date "2009.08.30"]
[Round "1"]
[White "Ricci, Marco"]
[Black "Sulava, Nenad"]
[WhiteElo "2128"]
[BlackElo "2549"]
[Result "0-1"]
[PlyCount "68"]
[EventDate "2009.08.30"]

1. e4 c5 2. Nf3 e6 3. d4 cxd4 4. Nxd4 a6 5. Bd3 Nf6 6. O-O d6 7. c4 b6 8. Be3
Bb7 9. Nc3 Nbd7 10. Rc1 Rc8 11. f4 Nc5 12. Bb1 Be7 13. e5 Nfe4 14. Nxe4 Nxe4
15. Qa4+ Qd7 16. Qxd7+ Kxd7 17. Rfd1 Rhd8 18. Bxe4 Bxe4 19. exd6 Bxd6 20. Nb3
Kc6 21. c5 bxc5 22. Bxc5 Bxc5+ 23. Nxc5 Rxd1+ 24. Rxd1 Bf5 25. Nxa6 Kb5 26. Rd6
Rc1+ 27. Kf2 Rc2+ 28. Kf3 Rxb2 29. Nc7+ Kc5 30. Ra6 Bd3 31. Ra8 Bf1 32. Na6+
Kd6 33. Rd8+ Ke7 34. Rh8 Bxa6 0-1

[Event "LI Festival A"]
[Site "Imperia ITA"]
[Date "2009.08.30"]
[Round "1"]
[White "Sarno, Spartaco"]
[Black "Mela, Riccardo"]
[WhiteElo "2324"]
[BlackElo "2029"]
[Result "1-0"]
[PlyCount "91"]
[EventDate "2009.08.30"]

1. d4 Nf6 2. c4 e6 3. Nf3 d5 4. Nc3 b6 5. cxd5 exd5 6. Bg5 Be7 7. e3 Bb7 8. Ne5
O-O 9. Bd3 Nbd7 10. O-O Nxe5 11. dxe5 Ne4 12. Bxe4 dxe4 13. Qxd8 Bxd8 14. Bf4
g5 15. Bg3 h5 16. h3 Be7 17. Rfd1 Rfd8 18. e6 Bd6 19. Bxd6 cxd6 20. exf7+ Kxf7
21. Rd4 Rac8 22. Rad1 Ke7 23. Nxe4 Bxe4 24. Rxe4+ Kf6 25. Rd2 Rc5 26. Red4 Ke6
27. Kh2 Rd7 28. b4 Rf5 29. e4 Re5 30. Kg3 Rd8 31. Kf3 Ke7 32. Ke3 h4 33. Rd5
Rxd5 34. Rxd5 Rg8 35. Kf3 Ke6 36. Kg4 Rf8 37. f3 Rc8 38. Rxg5 Rc2 39. Kxh4 Rxa2
40. b5 a5 41. bxa6 Rxa6 42. Rb5 Kd7 43. g4 Kc6 44. Rb1 Ra3 45. Kg3 Kc5 46. g5
1-0

[Event "LI Festival A"]
[Site "Imperia ITA"]
[Date "2009.08.30"]
[Round "1"]
[White "Schaefer, Michael"]
[Black "Malano, Francesco"]
[WhiteElo "2157"]
[BlackElo "1900"]
[Result "1-0"]
[PlyCount "55"]
[EventDate "2009.08.30"]

1. c4 e6 2. d4 d5 3. Nf3 c6 4. Nc3 dxc4 5. g3 b5 6. Bg2 Nf6 7. O-O Be7 8. Ne5
Nd5 9. a4 b4 10. Ne4 O-O 11. Nxc4 a5 12. Qc2 Nd7 13. Rd1 h6 14. Bf4 Nxf4 15.
gxf4 Qc7 16. Ne5 Nxe5 17. fxe5 Rd8 18. Rac1 Bd7 19. Rd3 Rac8 20. Rg3 Be8 21. e3
Kh8 22. b3 Bd7 23. Qe2 Rg8 24. Qh5 Rcf8 25. Nf6 Bxf6 26. exf6 Kh7 27. Be4+ g6
28. Rh3 1-0

[Event "LI Festival A"]
[Site "Imperia ITA"]
[Date "2009.08.31"]
[Round "2"]
[White "Astengo, Marcello"]
[Black "Carzolio, Luigi"]
[WhiteElo "2117"]
[BlackElo "1999"]
[Result "1-0"]
[PlyCount "71"]
[EventDate "2009.08.30"]

1. d4 Nf6 2. c4 e6 3. Nc3 Bb4 4. Nf3 c5 5. dxc5 Na6 6. Qc2 Bxc5 7. a3 O-O 8. b4
Be7 9. Bb2 b6 10. e4 d6 11. Rd1 Qc7 12. Nb5 Qb8 13. e5 dxe5 14. Bxe5 Qb7 15.
Bd3 Bd7 16. O-O h6 17. Nfd4 Rad8 18. Be2 Nb8 19. Bf3 Nc6 20. Nxc6 Bxc6 21. Bxc6
Qxc6 22. Nxa7 Qa8 23. Nb5 Rc8 24. Rd4 Rc6 25. Qb3 Rfc8 26. Rfd1 Ne8 27. Rc1 f6
28. Rd7 fxe5 29. Rxe7 Kf8 30. Ra7 Qb8 31. Qf3+ Kg8 32. Qf7+ Kh7 33. Rb7 Qa8 34.
h3 Rxc4 35. Rxc4 Rxc4 36. Nd6 1-0

[Event "LI Festival A"]
[Site "Imperia ITA"]
[Date "2009.08.31"]
[Round "2"]
[White "Cornaggia, Ranieri"]
[Black "Holecek, Vladimir"]
[WhiteElo "1933"]
[BlackElo "2073"]
[Result "1/2-1/2"]
[PlyCount "91"]
[EventDate "2009.08.30"]

1. e4 e5 2. Nf3 Nc6 3. Bb5 Nf6 4. O-O Nxe4 5. Re1 Nd6 6. Nxe5 Be7 7. Ba4 O-O 8.
d4 Bf6 9. Bf4 g6 10. Nc3 Nf5 11. Bxc6 dxc6 12. Ne4 Bg7 13. c3 Be6 14. Nc5 Bc8
15. Qd2 b6 16. Nxc6 Qf6 17. Ne7+ Nxe7 18. Bg5 Qc6 19. Bxe7 bxc5 20. Bxf8 Bxf8
21. d5 Qd7 22. Rad1 Bb7 23. c4 a5 24. Re2 Qa4 25. b3 Qb4 26. Qf4 a4 27. Qxc7
axb3 28. axb3 Qxb3 29. Ree1 Rc8 30. Qf4 Qb6 31. Rb1 Qc7 32. Qxc7 Rxc7 33. Rb6
Rd7 34. Re8 Kg7 35. Rb8 Bxd5 36. cxd5 Rxd5 37. Rb1 Bd6 38. Rc8 Be5 39. Rc1 Bd4
40. g3 h5 41. h4 Rf5 42. Rc2 Kf6 43. Re8 Rd5 44. Kg2 Rd7 45. Kf3 Rd5 46. Kg2
1/2-1/2

[Event "LI Festival A"]
[Site "Imperia ITA"]
[Date "2009.08.31"]
[Round "2"]
[White "Cugini, Verter"]
[Black "Faraci, Antonino"]
[WhiteElo "2149"]
[BlackElo "2009"]
[Result "1-0"]
[PlyCount "89"]
[EventDate "2009.08.30"]

1. e4 c5 2. g3 Nc6 3. Bg2 g6 4. Ne2 Bg7 5. O-O d6 6. Nbc3 e6 7. d3 Nge7 8. Be3
Rb8 9. d4 b6 10. Qd2 Ba6 11. Rfd1 Qc7 12. Bh6 O-O 13. Bxg7 Kxg7 14. a4 Rbd8 15.
Nb5 Qb8 16. d5 exd5 17. exd5 Bxb5 18. axb5 Ne5 19. f4 Nd7 20. g4 f5 21. g5 Qc7
22. Ra3 Rf7 23. c4 Ng8 24. Qc3+ Kf8 25. Ng3 Re8 26. Rda1 Nb8 27. h4 Rfe7 28. h5
a5 29. bxa6 Qa7 30. h6 Nd7 31. Kh2 Rf7 32. Bf3 Qc7 33. Re1 Ra8 34. Re6 Ra7 35.
Qb3 Ne7 36. Qb5 Kg8 37. Rb3 Nf8 38. Re1 Nc8 39. Rbe3 Qd7 40. Re8 Qc7 41. R1e3
Ra8 42. Ne2 Qa7 43. Nc3 Qd7 44. Bd1 Ra7 45. Qxd7 1-0

[Event "LI Festival A"]
[Site "Imperia ITA"]
[Date "2009.08.31"]
[Round "2"]
[White "Del Dotto, Riccardo"]
[Black "Dolezal, Radoslav jr"]
[WhiteElo "2175"]
[BlackElo "2396"]
[Result "0-1"]
[PlyCount "104"]
[EventDate "2009.08.30"]

1. d4 d5 2. Nf3 c6 3. Bf4 Qb6 4. b3 Bf5 5. e3 e6 6. Bd3 Nf6 7. Bxf5 exf5 8. O-O
Nbd7 9. Ne5 Be7 10. c4 Qd8 11. Qd3 g6 12. Nc3 O-O 13. cxd5 Nxe5 14. Bxe5 Nxd5
15. Nxd5 Qxd5 16. Qc4 Rad8 17. Qc3 Rd7 18. Rac1 f6 19. Bg3 Kg7 20. h3 Re8 21.
Qc4 Ba3 22. Rc3 a5 23. Rc2 h5 24. Qxd5 Rxd5 25. Bc7 Rb5 26. Rd1 Kf7 27. Kf1 Ke6
28. Rd3 Ra8 29. Ke2 a4 30. f3 Be7 31. Rb2 axb3 32. Rdxb3 Rxb3 33. axb3 Ra1 34.
Kd3 Ba3 35. Re2 Rb1 36. Kc4 Rc1+ 37. Kd3 Bb4 38. Rb2 Rc3+ 39. Ke2 Ba3 40. Rb1
Rc2+ 41. Kf1 Bc1 42. d5+ Kxd5 43. Bb6 c5 44. b4 Bxe3 45. bxc5 Rc1+ 46. Rxc1
Bxc1 47. Ke2 Ba3 48. Bd8 Bxc5 49. Bxf6 Kc4 50. g4 b5 51. gxh5 gxh5 52. Kd2 b4
0-1

[Event "LI Festival A"]
[Site "Imperia ITA"]
[Date "2009.08.31"]
[Round "2"]
[White "Di Lascio, Savino"]
[Black "Ricci, Marco"]
[WhiteElo "2012"]
[BlackElo "2128"]
[Result "1-0"]
[PlyCount "75"]
[EventDate "2009.08.30"]

1. Nf3 Nf6 2. g3 g6 3. b4 Bg7 4. Bb2 d6 5. Bg2 e5 6. d3 c6 7. O-O a5 8. a3 axb4
9. axb4 Rxa1 10. Bxa1 Na6 11. c3 O-O 12. Qb3 Qb6 13. Nbd2 Be6 14. Qa3 Ra8 15.
Nc4 Qd8 16. Nfd2 Nc7 17. Qc1 Nb5 18. Na5 Qc7 19. e3 Na7 20. d4 exd4 21. cxd4 d5
22. Bc3 Nb5 23. Qb2 Nd7 24. Ra1 Nb6 25. Bf1 Nxc3 26. Qxc3 Nd7 27. Nxc6 Rxa1 28.
Ne7+ Kf8 29. Qxc7 Kxe7 30. Kg2 b6 31. Bb5 Ra2 32. Nf3 Bg4 33. Bxd7 Bxd7 34.
Qxb6 Bh6 35. Qc7 f6 36. Qc5+ Ke6 37. e4 Be3 38. Qxd5+ 1-0

[Event "LI Festival A"]
[Site "Imperia ITA"]
[Date "2009.08.31"]
[Round "2"]
[White "Di Paolo, Raffaele"]
[Black "Miturova, Magdalena"]
[WhiteElo "2318"]
[BlackElo "1971"]
[Result "1-0"]
[PlyCount "71"]
[EventDate "2009.08.30"]

1. e4 e5 2. Nf3 Nc6 3. Bb5 a6 4. Ba4 Nf6 5. O-O Be7 6. Re1 b5 7. Bb3 O-O 8. a4
Bb7 9. d3 d6 10. c3 Na5 11. Ba2 c5 12. Nbd2 Qc7 13. Nf1 Rfe8 14. Ng3 g6 15. Bg5
Bc8 16. axb5 Kg7 17. b4 Nb7 18. Qd2 Ng8 19. Bd5 a5 20. bxa5 Rxa5 21. c4 Rxa1
22. Rxa1 f6 23. Be3 Bg4 24. Ra7 Rb8 25. Qa2 Kh8 26. Qa6 Bc8 27. Nd2 Bd8 28. f4
Ne7 29. fxe5 fxe5 30. Nf3 Qb6 31. Bg5 Nxd5 32. exd5 Bc7 33. Qxb6 Bxb6 34. Ra6
Bc7 35. Rc6 Ba5 36. Ne4 1-0

[Event "LI Festival A"]
[Site "Imperia ITA"]
[Date "2009.08.31"]
[Round "2"]
[White "Dittmar, Peter"]
[Black "Brunner, Werner"]
[WhiteElo "2357"]
[BlackElo "2178"]
[Result "1/2-1/2"]
[PlyCount "49"]
[EventDate "2009.08.30"]

1. g3 d5 2. f4 g6 3. Bg2 Bg7 4. Nf3 Nd7 5. O-O Nh6 6. d3 c6 7. e3 O-O 8. Nc3 e5
9. fxe5 Nxe5 10. Nxe5 Bxe5 11. Kh1 Nf5 12. Ne2 Qb6 13. Rf3 d4 14. exd4 Nxd4 15.
Nxd4 Bxd4 16. c3 Bg7 17. Qb3 Be6 18. Qxb6 axb6 19. Be3 b5 20. Bc5 Rfd8 21. a3
Bd5 22. Re3 Bh6 23. Re2 Bxg2+ 24. Kxg2 Rxd3 25. Rae1 1/2-1/2

[Event "LI Festival A"]
[Site "Imperia ITA"]
[Date "2009.08.31"]
[Round "2"]
[White "Dritsakos, Alessio"]
[Black "Gras, Guillaume"]
[WhiteElo "1920"]
[BlackElo "2053"]
[Result "1-0"]
[PlyCount "113"]
[EventDate "2009.08.30"]

1. e4 Nf6 2. e5 Nd5 3. c4 Nb6 4. d4 d6 5. exd6 cxd6 6. Nc3 g6 7. Be3 Bg7 8. Be2
O-O 9. Rc1 e5 10. Nf3 Nc6 11. O-O Bg4 12. d5 Ne7 13. Ne1 Bxe2 14. Qxe2 h6 15.
b3 f5 16. f4 Nd7 17. Kh1 Nc8 18. Qd2 exf4 19. Bxf4 g5 20. Bg3 Qe8 21. Nb5 f4
22. Nc7 Qh5 23. Nxa8 fxg3 24. Rxf8+ Bxf8 25. h3 g4 26. Qe3 Ne5 27. Nd3 Bg7 28.
Qxg3 gxh3 29. Nxe5 hxg2+ 30. Kxg2 dxe5 31. Rf1 Nd6 32. Qh3 Qe2+ 33. Rf2 Qe4+
34. Kh2 Qd4 35. Rg2 Ne4 36. Qg4 Ng5 37. Qxd4 exd4 38. Nc7 Be5+ 39. Kg1 Bxc7 40.
c5 Bd8 41. Kf1 Kf8 42. b4 Ke8 43. Rh2 Nf7 44. Ke2 Bg5 45. Kd3 Be3 46. Rh5 Kd7
47. a4 Nh8 48. b5 Ng6 49. Ke4 Ne7 50. Re5 Ng6 51. Rh5 b6 52. c6+ Kc7 53. Rf5
Bg5 54. Rf7+ Ne7 55. Ke5 d3 56. d6+ Kd8 57. Rf8# 1-0

[Event "LI Festival A"]
[Site "Imperia ITA"]
[Date "2009.08.31"]
[Round "2"]
[White "Dubois, Martine"]
[Black "Singeisen, Hermann"]
[WhiteElo "2001"]
[BlackElo "2116"]
[Result "1/2-1/2"]
[PlyCount "83"]
[EventDate "2009.08.30"]

1. e4 d6 2. d4 g6 3. Nf3 Bg7 4. Nc3 Nf6 5. Be3 Nc6 6. Qd2 Ng4 7. Bg5 h6 8. Bh4
g5 9. Bg3 e5 10. d5 Ne7 11. h4 gxh4 12. Nxh4 Nf6 13. Be2 Bg4 14. f3 Bd7 15. Bf2
c6 16. dxc6 Bxc6 17. O-O-O d5 18. exd5 Nfxd5 19. Nxd5 Qxd5 20. Qxd5 Nxd5 21.
Nf5 Bf8 22. Bc4 Nf4 23. Bg3 Ng6 24. Rhe1 f6 25. Nd6+ Bxd6 26. Rxd6 Rf8 27. Re6+
Kd7 28. Rd1+ Kc7 29. Rdd6 Rad8 30. Rxd8 Kxd8 31. Rd6+ Ke7 32. Rd1 h5 33. Be1
Rh8 34. Bb4+ Ke8 35. Rd6 h4 36. Rxf6 Nf4 37. Bf1 Rh5 38. Bd2 Ke7 39. Rxf4 exf4
40. Bxf4 h3 41. gxh3 Bxf3 42. h4 1/2-1/2

[Event "LI Festival A"]
[Site "Imperia ITA"]
[Date "2009.08.31"]
[Round "2"]
[White "Friedrich, Norbert"]
[Black "Schaefer, Michael"]
[WhiteElo "2350"]
[BlackElo "2157"]
[Result "1/2-1/2"]
[PlyCount "31"]
[EventDate "2009.08.30"]

1. e4 c5 2. Nf3 d6 3. d4 cxd4 4. Nxd4 Nf6 5. Nc3 Nc6 6. Bg5 e6 7. Qd2 Be7 8.
O-O-O O-O 9. f4 Nxd4 10. Qxd4 Qa5 11. e5 dxe5 12. Qxe5 Qxe5 13. fxe5 Nd5 14.
Bxe7 Nxe7 15. Bd3 b6 16. Be4 1/2-1/2

[Event "LI Festival A"]
[Site "Imperia ITA"]
[Date "2009.08.31"]
[Round "2"]
[White "Guglielmi, Dante"]
[Black "Borsos, Bogdan"]
[WhiteElo "1899"]
[BlackElo "2289"]
[Result "0-1"]
[PlyCount "52"]
[EventDate "2009.08.30"]

1. c4 e6 2. Nc3 d5 3. cxd5 exd5 4. d4 c5 5. Nf3 Nc6 6. g3 Nf6 7. Bg2 Be7 8. O-O
O-O 9. Bf4 c4 10. Ne5 Be6 11. Qd2 Rc8 12. Rfd1 Qb6 13. Na4 Qb5 14. Nc3 Qb4 15.
Qc2 Rfd8 16. Nxc6 bxc6 17. b3 c5 18. Bd2 cxb3 19. axb3 cxd4 20. Nxd5 Rxc2 21.
Bxb4 Nxd5 22. Bxe7 Nxe7 23. Rxa7 Ng6 24. Bf3 Bxb3 25. e3 d3 26. Ra3 Rb2 0-1

[Event "LI Festival A"]
[Site "Imperia ITA"]
[Date "2009.08.31"]
[Round "2"]
[White "Lacrosse, Marc"]
[Black "Arlandi, Ennio"]
[WhiteElo "2184"]
[BlackElo "2426"]
[Result "0-1"]
[PlyCount "92"]
[EventDate "2009.08.30"]

1. d4 Nf6 2. c4 g6 3. Nc3 d5 4. cxd5 Nxd5 5. e4 Nxc3 6. bxc3 Bg7 7. Be3 c5 8.
Qd2 O-O 9. Nf3 Qa5 10. Rc1 Rd8 11. d5 e6 12. c4 Qxd2+ 13. Nxd2 b6 14. Be2 exd5
15. exd5 Bf5 16. O-O Bb2 17. Rce1 Na6 18. g4 Bc2 19. Bd1 Bd3 20. Be2 Nb4 21.
Bxd3 Nxd3 22. Rb1 f5 23. gxf5 gxf5 24. Nf3 Bf6 25. Rfd1 Nb4 26. a3 Nc2 27. Rd3
Re8 28. Rc1 Nxe3 29. Rxe3 Rxe3 30. fxe3 Kf7 31. Kf2 Re8 32. a4 Re4 33. Rc2 Ke7
34. a5 bxa5 35. Nd2 Rh4 36. Nf3 Rg4 37. h3 Rg8 38. Ra2 Bc3 39. Rc2 Bb4 40. Ne5
a4 41. Nc6+ Kd6 42. Nxa7 a3 43. Nb5+ Ke5 44. Kf3 h5 45. h4 Rg4 46. d6 Ke6 0-1

[Event "LI Festival A"]
[Site "Imperia ITA"]
[Date "2009.08.31"]
[Round "2"]
[White "Mela, Riccardo"]
[Black "Jurek, Josef"]
[WhiteElo "2029"]
[BlackElo "2353"]
[Result "0-1"]
[PlyCount "60"]
[EventDate "2009.08.30"]

1. e4 c5 2. Nc3 Nc6 3. Nf3 g6 4. g3 Bg7 5. Bg2 e5 6. O-O Nge7 7. d3 d6 8. Be3
O-O 9. Qd2 f6 10. Ne1 Be6 11. f4 Qd7 12. Nf3 b6 13. Nh4 d5 14. f5 d4 15. fxe6
dxe3 16. Qxe3 Qxe6 17. Nd5 Nd4 18. Rf2 Nxd5 19. exd5 Qd7 20. a4 f5 21. c3 Nb3
22. Ra3 Na5 23. c4 e4 24. dxe4 Bd4 25. Qe2 fxe4 26. Re3 Rxf2 27. Kxf2 Rf8+ 28.
Ke1 Bxe3 29. Qxe3 Nxc4 30. Qg5 Qf7 0-1

[Event "LI Festival A"]
[Site "Imperia ITA"]
[Date "2009.08.31"]
[Round "2"]
[White "Meyer, Peter"]
[Black "Sarno, Spartaco"]
[WhiteElo "2051"]
[BlackElo "2324"]
[Result "0-1"]
[PlyCount "72"]
[EventDate "2009.08.30"]

1. d4 Nf6 2. c4 g6 3. f3 Bg7 4. e4 d6 5. Nc3 O-O 6. Be3 Nc6 7. Nge2 a6 8. Qd2
Rb8 9. d5 Na5 10. Ng3 c5 11. Bd3 b5 12. cxb5 c4 13. Be2 axb5 14. Rc1 b4 15. Nd1
e6 16. Bxc4 Nxc4 17. Rxc4 Ba6 18. Rxb4 Rxb4 19. Qxb4 exd5 20. Kf2 h5 21. Bb6
Qc8 22. Nc3 h4 23. Nge2 dxe4 24. Rd1 exf3 25. gxf3 Re8 26. Qxd6 Bxe2 27. Nxe2
Qf5 28. Nc3 Ng4+ 29. Kg2 h3+ 30. Kg1 Bxc3 31. Rf1 Qc2 32. Qg3 Qxb2 33. fxg4
Qxb6+ 34. Kh1 Qc6+ 35. Qf3 Qxf3+ 36. Rxf3 Re1+ 0-1